Ecología de Trachemys scripta callirostris (Hicotea) y su papel en la socioeconomía de la comunidad de Isla del Coco, subregión de La Mojana departamento de sucre, Colombia (Registro nro. 4341)

Detalles MARC
000 -CABECERA
Campo de control 00715nam a2200193 a 4500
005 - FECHA Y HORA DE LA ULTIMA TRANSACCION
Campo de control 20150806102650.0
008 - ELEMENTOS DE LONGITUD FIJA—INFORMACION GENERAL
Campo de control 131218b2002 ck ||||| |||| 00| 0 spa d
040 ## - FUENTE DE CATALOGACIÓN
Agencia catalogadora original CO-BoIAVH
Agencia transcriptora CO-BoIAVH
041 ## - IDIOMA
Código de idioma para texto/pista de sonido o título separado Español
090 ## - CLASIFICACIÓN LOCAL
Colección LB
Consecutivo 04004
100 1# - ASIENTO PRINCIPAL--NOMBRE PERSONAL
Nombre personal Fuentes Obeid, Samira Patricia
245 ## - MENCION DE TITULO
Título Ecología de Trachemys scripta callirostris (Hicotea) y su papel en la socioeconomía de la comunidad de Isla del Coco, subregión de La Mojana departamento de sucre, Colombia
260 ## - PUBLICACION, DISTRIBUCION, ETC. (PIE DE IMPRENTA)
Lugar de publicación, distribución, etc. Sincelejo :
Nombre del editor, distribuidor, etc. Universidad de Sucre,
-- Instituto Humboldt,
Fecha de publicación, distribución, etc. 2002.
300 ## - DESCRIPCION FISICA
Extensión 69 p.
700 1# - ASIENTO SECUNDARIO - NOMBRE PERSONAL
Nombre personal Marín, Alcides Sampedro
700 1# - ASIENTO SECUNDARIO - NOMBRE PERSONAL
Nombre personal Ardila Marulanda, Merly
942 ## - ELEMENTOS ADICIONALES (KOHA)
Tipo de ítem Libro
Koha issues (borrowed), all copies 2
Sistema de clasificación Local
945 ## - PROCESAMIENTO LOCAL
AAAA-MM-DD - Fecha de ingreso o modificacion 2005-02-23
Existencias
Withdrawn status Lost status Sistema de Clasificación Damaged status No para préstamo Colección Ubicación Permanente Ubicación actual Fecha de adquisición Fuente de Valor Total Checkouts Número topográfico Inventario / Código de Barras Date last seen Date checked out Ejemplar Price effective from Forma de adquisición Tipo de material
    Local     General Villa de Leyva Villa de Leyva 23/02/2005 Uso y Valoración 2 LB-04004 017322 13/08/2015 24/07/2015 Ej. 1 04/12/2012   Libro